| 000 | 00501nam a2200205Ia 4500 | ||
|---|---|---|---|
| 003 | LK-CoDNM | ||
| 005 | 20240930151349.0 | ||
| 008 | 010623t1877 xxu||||| |||| 00| 1 eng d | ||
| 040 |
_aLK-CoDNM _dLK-CoDNM _eLK-CoDNM |
||
| 041 | _aeng | ||
| 080 |
_a24 _bO21 |
||
| 100 | _aHughes,T.P. | ||
| 245 | _aNotes on Muhammadanism | ||
| 260 |
_bH.Allen Co. _aLondon _c1877 |
||
| 300 | _bxvi, 282p. : 18 cm | ||
| 650 | _a24O20 | ||
| 650 | _aHughes,T.P. | ||
| 650 | _aNotes on Muhammadanism | ||
| 942 | _cBK | ||
| 999 |
_c82105 _d82105 |
||